MARKETING WORKS : UNLOKING BIG COMPANY STRATEGIES FOR SMALL BUSINESS (Record no. 214308)
[ view plain ]
| 000 -LEADER | |
|---|---|
| fixed length control field | 00469nam a22001577a 4500 |
| 008 - FIXED-LENGTH DATA ELEMENTS--GENERAL INFORMATION | |
| fixed length control field | 250109b |||||||| |||| 00| 0 eng d |
| 020 ## - INTERNATIONAL STANDARD BOOK NUMBER | |
| International Standard Book Number | 1-60037-009-8 |
| 050 ## - LIBRARY OF CONGRESS CALL NUMBER | |
| Classification number | HF 5415 .L44 2006 |
| Item number | C.1 |
| 100 ## - MAIN ENTRY--PERSONAL NAME | |
| Personal name | LEE, CHRIS |
| 245 ## - TITLE STATEMENT | |
| Title | MARKETING WORKS : UNLOKING BIG COMPANY STRATEGIES FOR SMALL BUSINESS |
| 260 ## - PUBLICATION, DISTRIBUTION, ETC. | |
| Place of publication, distribution, etc. | GARDEN CITY |
| Name of publisher, distributor, etc. | MORGAN . JAMES PUBLISHER |
| Date of publication, distribution, etc. | 2006 |
| 300 ## - PHYSICAL DESCRIPTION | |
| Extent | XII, 178 P. |
| 500 ## - GENERAL NOTE | |
| General note | INCLUDES INDEX |
| 942 ## - ADDED ENTRY ELEMENTS (KOHA) | |
| Source of classification or shelving scheme | Library of Congress Classification |
| Koha item type | Long Loan Book |
| Withdrawn status | Lost status | Source of classification or shelving scheme | Damaged status | Not for loan | Collection | Home library | Current library | Shelving location | Date acquired | Inventory number | Total checkouts | Full call number | Barcode | Date last seen | Copy number | Price effective from | Koha item type |
|---|---|---|---|---|---|---|---|---|---|---|---|---|---|---|---|---|---|
| Library of Congress Classification | Business & Economics | Kisii University Library | Kisii University Library | On Display | 01/09/2025 | 105873 | HF 5415 .L44 2006 | 000000022697 | 01/09/2025 | C.1 | 01/09/2025 | Long Loan Book |